[Event "Metalska Trgovina CC 90"]
[Site "Ljubljana"]
[Date "2002.01.21"]
[Round "3"]
[White "Beliavsky, Alexander G"]
[Black "Soln, Primoz"]
[Result "1-0"]
[WhiteElo "2649"]
[BlackElo "2412"]
[Annotator "Hazai,L"]
[PlyCount "65"]
[EventDate "2002.01.19"]
[EventType "tourn"]
[EventRounds "11"]
[EventCountry "SLO"]
[EventCategory "11"]
[SourceTitle "CBM 088"]
[Source "ChessBase"]
[SourceDate "2002.03.21"]
[SourceVersion "1"]
[SourceVersionDate "2002.03.21"]
[SourceQuality "1"]

1. d4 Nf6 2. c4 g6 3. Nc3 Bg7 4. e4 d6 5. h3 O-O 6. Bg5 Qe8 (6... Na6 {/\ e5
is the main line, but the text has the same idea with e5.}) 7. Be2 (7. Bd3 {
is the more common continuation here.}) 7... e5 8. d5 a5 {/\ Na6} 9. g4 {
This is not an attacking move but a preventive one, white is fighting against
f5.} Na6 10. Nf3 {E92} Kh8 {/\ Ng8, f5 and the opened g <-> is not dangerous
anymore for the K.} (10... Nd7 {- Barsov-Kempinski, Istanbul olm 2000 MEGA2002}
) 11. Nd2 (11. Rg1 Bd7 (11... Ng8 {is the consequent continuation of the plan,
but now the f3N is not forced to d2 in order to play h3-h4.} 12. Qc2 {looks
more sophysticated leaving opened the way back for the B.} (12. Qd2 f6 13. Be3
f5 $5 {/\ f4 and the here we see the drawback of Qd2.} (13... Nc5 {Now f5-f4
is not a direct threat anymore.} 14. O-O-O Bd7 {with attacking counterchances
on the <<.} (14... Nxe4 $2 {is self-destructive:} 15. Nxe4 f5 16. gxf5 gxf5 17.
Rxg7 Kxg7 18. Rg1+ Kh8 19. Bh6 $16 {Jacimovic-Pace, Elista 1998}))) 12... f5
13. exf5 gxf5 14. Nh4 {Here we see the difference!} Nb4 15. Qd1 Ne7 16. a3 Na6
17. Qc2 e4 18. O-O-O Bd7 19. f3 Nc5 20. fxe4 fxe4 21. Rgf1 $14 {A.Vajda-Badea,
Bucharest 1998}) (11... Nd7 {- 10...Nd7}) 12. Nd2 (12. Qc2 $5) 12... Ng8 {/\ f5
} 13. h4 f5 14. gxf5 gxf5 15. exf5 Nc5 {The fight for the key-square >< e4
begins.} 16. Nde4 Nxe4 17. Nxe4 Bxf5 18. Bd3 Bxe4 19. Bxe4 Nf6 20. Qe2 Nxe4 21.
Qxe4 {The Q is already a bad piece for a blockade.} Qh5 22. Qg4 {otherwise the
white K remains vulnerable in the [+].} Qxg4 23. Rxg4 Bf6 {The exchange of the
bad B helps for Black.} 24. Ke2 {1/2:1/2 Jacimovic-Safin, Istanbul 2000}) 11...
Ng8 12. Nb3 (12. h4 f5 {immediately poses more problems for White.} (12... f6
13. Be3 f5 {/\ f4, but the B is usually less vulnerable on e3 than on g5.} 14.
f3 $1 $14 (14. gxf5 {Matros} gxf5 15. exf5 {White can get >< e4, but the
weaknesses on the f <-> and >< h4 secure Black sufficient counterplay.} Bh6 $1
{It is advisable for Black to exchange his passive dark-squared B, this is
also a result of the manoeuvre Kh8, Ng8.} (15... Bxf5 16. Nde4 Nf6 {fights for
>< e4 but forgets about the bad B.}) 16. Bg5 Bxg5 17. hxg5 Bxf5 18. Nde4 $13 {
1/2:1/2 Giddinsen-Gullaksen, Gausdal 1995}) 14... fxg4 $5 (14... f4 $2 15. Bf2
$16 {and the >> is closed completely, and White win slowly but surely get the
upper hand on the other flank.}) (14... Nf6 15. a3 {/\ b4, it is better to
keep the >> as closed as possible.} (15. h5 $6 {allows Black to keep the >>
open.} f4 $1 16. Bf2 $5 (16. Bxf4 $6 Nxg4 $1 {This is an important
intermediate move, otherwise White's idea works well.} (16... gxh5 $6 17. Be3
hxg4 18. fxg4 $14) (16... exf4 17. h6 Nc5 18. Nb5 Rf7 19. hxg7+ Kxg7 20. Qc2 $5
$14) 17. Bg5 Bf6 {The exchange of the dark-squared B is again Black's favour.}
18. Bxf6+ Nxf6 19. hxg6 Qxg6 $13) 16... gxh5 17. g5 Nd7 18. Nb5 $13) (15. exf5
{opens up the position for the black pieces!} gxf5 16. h5 h6 (16... Rg8 $5 $13)
17. g5 Nxh5 18. gxh6 Bf6 $13 {and the o^ on h6 defends the black K.}) 15... Bd7
16. b3 Qc8 (16... c6 $6 {creates a hole on >< b6.} 17. h5 f4 18. Bb6 gxh5 19.
g5 Ng8 20. Bxa5 Qg6 $14) 17. h5 $1 f4 $1 18. Bf2 gxh5 19. g5 Ng8 20. Rxh5 Qe8 (
20... Be8 21. Rh1 Qd8 22. Rg1 $14 {/\ Bf1-h3}) (20... Qd8 $5 21. Qc2 Be8 22.
Rh2 Qxg5 23. O-O-O $14 {and White has some compensation on the g and h lines?!}
) 21. Rh2 $1 {Matros} (21. Rh1 $5 Qg6 $14 {Matros-Nataf, Stockholm 77/561 1999}
) 21... Qg6 22. Bh4 Ne7 23. Qc2 $16) 15. fxg4 Rf4 $5 {is a typical positional
exchange sacrifice in order to open the long /^ and the e <->.} 16. Bxf4 exf4
17. O-O Qe7) 13. f3 (13. gxf5 gxf5 14. exf5 Nc5 {fighting for >< e4 by all
means.} (14... Bxf5 {is certainly met by the standard} 15. Nde4) 15. Nde4 (15.
Bh5 $6 Nd3+ 16. Kf1 Qd7 $36) 15... Nxe4 16. Nxe4 Bxf5 $11) (13. h5 {opens up
the position for the black pieces as well!} fxg4 14. Bxg4 Bxg4 15. Qxg4 Nf6 16.
Bxf6 Rxf6 $13 {<-> f}) 13... f4 {and now White cannot avoid the exchange of
his important dark-squared B.} 14. h5 Bf6 $1 15. hxg6 Qxg6 16. Bxf6+ Nxf6 17.
Nb3 b6 {Now the N on b3 is miserable.} 18. Qd2 Bd7 19. O-O-O Kg7 20. Rdg1 h6 {
/\ Nh7-g5 controlling the important squares on the >>.} 21. Kb1 Nh7 22. Nc1 Ng5
$132 {Lazarev-Cebalo, Estensi 2001}) (12. Be3 f5 13. gxf5 (13. f3 Bh6 $5 {
as it was mentioned before, this exchange is useful for Black almost
everywhere.} 14. Bxh6 (14. g5 $6 f4 $1) 14... Nxh6 15. exf5 gxf5 16. g5 Nf7 17.
Rg1 Rg8 (17... Qe7 18. h4) 18. h4 $13) 13... gxf5 14. exf5 Bh6 $1 {The same
old idea again!} 15. Bg4 Qe7 16. Qe2 Bxf5 17. O-O-O Bg6 18. Nde4 Bxe3+ 19. fxe3
Nf6 $11 {Ch.Gabriel-Smirin, Pula 2000}) (12. Qc2 f5 $5 {looks again more to
the point.} (12... f6 13. Be3 f5 (13... Bh6 $5) 14. gxf5 gxf5 15. exf5 Nb4 (
15... Bh6 {was again the "conservative" method}) 16. Qb1 Bxf5 $5 (16... e4 {
Black's plan is connected with a positional P sacrifice in order to open up
the diagonals for the ^^.} 17. a3 Nd3+ 18. Bxd3 exd3 19. Qxd3 Bxf5 20. Nde4 Qe5
21. Rg1 {Rxg7 is always hanging in the air from now.} Nf6 (21... Rae8) 22. Bd4
Qf4 23. Qe3 Qh4 24. Rxg7 $1 {This is the decisive blow.} Kxg7 25. Nxf6 Rxf6 26.
Qe7+ Kg6 27. O-O-O Qh6+ 28. Be3 Qf8 29. Rg1+ Kh5 30. Qxc7 $18 {D.
Gurevich-Forster, Geneve 1996}) 17. Nde4 Bh6)) 12... a4 {The N was rather bad
on b3, so it is a question whether it is worth chasing him away?} (12... f5 {
unnecessarily sacrifices >< a5.} 13. Nxa5 Nc5 14. Nb3 Nxe4 15. Nxe4 fxe4 16.
Nd2 $14) (12... b6 {looks logical, for example:} 13. h4 f5 14. h5 fxg4 15. Bxg4
(15. h6 Bf6 16. Be3 Qe7 $132 {/\ Bg5}) 15... Bh6 (15... Bxg4 16. Qxg4 Nf6 17.
Bxf6 Rxf6 {<-> f}) 16. Bxc8 Rxc8 17. Qd2 Bxg5 18. Qxg5 gxh5 19. Rxh5 Qf7 {
and White's K has also his own problems.}) 13. Nc1 a3 14. b3 Bf6 (14... f5 15.
Nd3 Bf6 (15... Nf6 16. f3 $14 {keeps the >> more or less closed.}) 16. Be3 Bh4
{- 14...Bf6} (16... Qe7 17. b4 Bg5 {This was a logical, but a bit
time-consuming manoeuvre.} 18. Bxg5 Qxg5 19. h4 $14)) 15. Bxf6+ (15. Be3 Bh4 {
/\ Qe7, Bg5 blockading the dark squares.} 16. Nd3 f5 17. Bf3 (17. b4 Nf6 18.
Bf3 fxe4 19. Nxe4 b5 $13) 17... Nf6 18. Qe2 Bd7 $13 {with a complex middlegame
position.}) 15... Nxf6 16. Nd3 c5 $2 {closing the part of the << was not
necessary, because it takes away the nice c5 square from the N.} (16... Nd7 17.
Qc1 Nac5 18. Nxc5 Nxc5 $13) 17. Qd2 Bd7 (17... Nb4 18. Nxb4 cxb4 19. Nb5 Qd8
20. f3 {and materially losses are inevitable.}) 18. f4 {Suddenly White changes
the course of the game and grabs the |^ on the >> "thanks to" the exchange of
the fianchettoed B.} Nb4 19. O-O (19. f5 gxf5 20. gxf5 Rg8) 19... Nxd3 20. Bxd3
Ng8 (20... Qe7 21. Rf3) 21. f5 {Now White has a huge space advantage on both
flanks, in the King's Indian it is Black, who plays f5!} Qd8 {Black has to
defend himself in a very passive position.} (21... f6 22. h4 Qe7 23. g5 $36 {>>
}) 22. g5 f6 23. h4 Qe7 24. Rf2 Rf7 25. Raf1 $16 {Now White has brought his
last remaining piece into action.} Raf8 26. Qe3 Rg7 27. Rg2 (27. fxg6 {- 27.Rg2
}) 27... Rgf7 28. Rgf2 Rg7 29. fxg6 Rxg6 30. Be2 fxg5 $2 {This loses outright.}
31. Rxf8 $18 gxh4+ 32. Kh1 Rg3 33. R8f3 1-0

[Event "FRA-chT poule haute"]
[Site "France"]
[Date "2003.05.09"]
[Round "10.5"]
[White "Kazhgaleyev, Murtas"]
[Black "Relange, Eloi"]
[Result "1-0"]
[WhiteElo "2604"]
[BlackElo "2499"]
[Annotator "Hazai,L"]
[PlyCount "81"]
[EventDate "2003.05.07"]
[EventType "team"]
[EventRounds "4"]
[EventCountry "FRA"]
[SourceTitle "CBM 095"]
[Source "ChessBase"]
[SourceDate "2003.07.25"]
[SourceVersion "1"]
[SourceVersionDate "2003.07.25"]
[SourceQuality "1"]
[WhiteTeam "Cannes"]
[BlackTeam "Clichy"]
[WhiteTeamCountry "FRA"]
[BlackTeamCountry "FRA"]

1. d4 Nf6 2. c4 g6 3. Nc3 Bg7 4. e4 d6 5. h3 O-O 6. Bg5 c6 (6... Na6 {is the
main line, but it can transpose to the text, for example:} 7. Bd3 e5 8. d5 Nc5
9. Bc2 a5 10. Nge2 c6 11. O-O) 7. Bd3 e5 (7... Na6 8. Nge2 e5 9. d5 Nc5 10. Bc2
a5 11. O-O {transposes to the game again.}) 8. d5 a5 9. Nge2 Na6 10. O-O (10.
Qd2 Nc5 11. Bc2 Bd7 (11... cxd5 12. exd5 {- Bareev-Gelfand, Linares 1994 CBM 40
}) 12. O-O {- 10.0-0}) 10... Nc5 (10... Bd7 {- Neidhardt-Kachiani, BL 2000 CBM
82}) 11. Bc2 cxd5 (11... Bd7 12. Qd2 cxd5 13. cxd5 (13. exd5 {is not so
logical here.} Qb6 14. Kh1 Nh5 15. Be3 f5 {Now Black's P structure is
impressive.} 16. Ba4 Nf6 17. b3 Rae8 18. f4 exf4 19. Bxc5 Qxc5 20. Nxf4 b5 21.
Bxb5 Bxb5 22. cxb5 Nh5 $15 {Sulypa-Lanka, Cannes 1995}) 13... b5) (11... Qb6 {
is again premature in view of} 12. Rb1 $14 (12. a4 $6 {is inferior because it
weakens the dark squares of the <<.} Na6 13. Be3 Qc7 14. Rc1 Nd7 15. g4 Ndc5
16. Ng3 Bd7 17. Kg2 Nb4 {and both black knights work excellent, 1/2-1/2
Mista-Blehm, Rowy 1998.})) (11... h6 12. Be3 cxd5 13. exd5 {is a bit unusual,
but if White can prepare b4, his << P majority will play a decisive role.
However Black has also counterchances in the [+] after f7-f5.} (13. cxd5 Bd7 {
is the consistant answer.} (13... Nh5 $143 {There is no time for >> assault
yet.} 14. Qd2 Kh7 (14... g5 {weakens all the light squares, especially >< f5.}
15. Ng3 $1 Nf4 16. Nf5 $16 {and Black is worse on both flanks.}) 15. g4 Nf4 (
15... Qh4 16. gxh5 Bxh3 17. f3 $1 $16 {parrying all the threats.}) 16. Nxf4
exf4 17. Bxf4 $16 {with a healthy P up.})) 13... Bd7 (13... Nfd7 14. Qd2 Kh7
15. f4 f5 16. Nb5 (16. g4 Nb6) 16... Nb6 17. b3 exf4 18. Bxf4 Bxa1 19. Rxa1 $44
{with a good compensation for the sacrtificed exchange because of the weak >>.}
) 14. b3 (14. Qd2 Kh7 15. f4 Qc8 16. Ng3 a4 17. Rac1 Ra6 18. Kh2 exf4 19. Bxf4
Ne8 20. Nh5 Be5 21. Rce1 f5 22. Ng3 Bxf4 23. Re7+ Ng7 24. Qxf4 Re8 25. Qe3 Ra8
26. Nge2 Qd8 27. Rxe8 Qxe8 28. Qxe8 Rxe8 $11 {Avrukh-Soln, Szeged 1994}) 14...
Ne8 $5 (14... Nh5 $6 15. Qd2 g5 {Now White can punish Black again for this
weakening move.} 16. Ng3 $1 Nxg3 17. fxg3 f5 18. g4 $1 {ruining Black's P
chain.} e4 19. gxf5 Bxf5 20. Rad1 Qe7 21. Nb5 $16 {Kazhgaleyev-Zyla, Koszalin
1999})) 12. exd5 {This is unusual in the King's Indian, but here deserves
attention.} (12. cxd5 Bd7 (12... Qb6 13. Be3 {/\ Na4, /\ f3, g4} Bd7 14. Rb1
Rfc8 15. f3 Qd8 16. a4 $5 {gaining control over the vital b5 and c4 squares.} (
16. a3 a4 $5) 16... Qe8 17. g4 {This is not an attacking move, but a
prophylactic one.} b5 18. axb5 Bxb5 19. Rf2 Bd7 20. Ng3 Qd8 {/\ a4-a3=} 21. Ra1
Ne8 (21... Rab8 $5 22. Ra2) 22. Qd2 a4 23. Kg2 Qa5 24. Ra3 Qb4 25. Bd1 {
(Petursson-Zuger, Horgen II 1994 61/624)} Ra6 $13 (25... Qc4 26. h4 Qd3 27.
Bxc5 Qxd2 28. Rxd2 Rxc5 29. Nxa4 $14)) 13. a3 $1 {- 10...Bd7}) (12. Nxd5 {
allows} Ne6 $1 {after which Black has good counterchances on the dark squares,
although the weak >< d6 may fall.} 13. Nxf6+ Bxf6 14. Bxf6 Qxf6 15. Qxd6 Ra6 {
White's B has no perspectives.} 16. Qa3 Nf4 $1 17. Nxf4 exf4 $44) 12... Qb6 {
The Q is not well-placed here, but the pin was annoying.} (12... Bd7 13. Ng3
Qb6 14. b3 (14. Rb1 $5 {looks also interesting} Qb4 15. Qf3) 14... a4 15. Rb1
axb3 16. axb3 Na6 17. Qf3 {This is White's main threat here.} Nb4 18. Rfc1 (18.
Bd1) 18... Ne8 19. Be7 Bh6 20. Bxf8 Kxf8 $13 {Kazhgaleyev-Zhang Zhong,
Shenyang 1999}) 13. Rb1 (13. Nb5 Bd7 14. Nec3 {Now White's knights are
excellently posted.} Rfc8 {/\ Ne8 avoiding the loss of an exchange after Be7.}
(14... h6 15. Be3) 15. Be3 Ne8 16. a3 (16. Na4 Qd8 17. Nxc5 dxc5 {and Black
can blockade on d6.}) 16... Qd8 17. b3 (17. b4 $6 {Hazai is premature in view
of} axb4 18. axb4 Rxa1 19. Qxa1 Na6 {and both pawns are hanging.}) 17... f5 18.
Rb1 Qh4 19. f4 (19. b4 $6 {is again met by} axb4 20. axb4 Na6) 19... e4 {
Now the [+] is closed, and White can exchange the dark-squared B and blockade
the e3 and d4 squares. However b3-b4 is still not easy to prepare because of
>< c4.} 20. Bd4 Qe7 21. Bxg7 Kxg7 (21... Qxg7 22. Qd4 Qxd4+ 23. Nxd4 $14 {
would be an ideal _|_ if the problem of >< c4 would have been solved.}) 22.
Qd4+ Qf6 23. Qxf6+ (23. Rfd1 Qxd4+ 24. Rxd4 Kf7 25. Kf2 Ke7 26. Ke3 Nc7 $132 {
Ivanisevic-Djukic, Herceg Novi 2001 CBM 83} (26... Bxb5 {Hazai} 27. Nxb5 Nc7
28. Nc3 $14)) 23... Kxf6 24. Rfc1 {looks more to the point.}) 13... Kh8 $6 {
Probably 14...Ng8 and f5 is the plan, but this is too slow.} (13... Bd7 {
was better and if} 14. a3 a4 15. Be3 {then} Qa6 $13) 14. a3 {There is now
defence against b2-b4.} Bd7 15. b4 axb4 16. axb4 Na6 17. c5 {This breakthrough
leads to interesting complications.} (17. Qd2 $14) 17... dxc5 18. bxc5 Qa5 $1 (
18... Qxc5 19. Bxf6 Bxf6 20. Ne4 Qe7 21. Rxb7 $14) 19. c6 (19. Rb6 Ng8) 19...
bxc6 20. dxc6 Be6 (20... Bxc6 $2 21. Bxf6 Bxf6 22. Qd6 $18 {loses a piece.})
21. Bb3 (21. Rb7) 21... Bf5 (21... Rfd8 $5 {deserves attention.}) 22. Ra1 Qc5
23. g4 Rad8 24. Qc1 (24. Nd5 Bc8) 24... Bd3 25. Rd1 e4 ({Why not} 25... Qxc6
26. Nd5 Qb5) 26. Ng3 Rb8 (26... Qxc6 {was still possible.}) 27. Bxf6 Bxf6 28.
Ncxe4 Qxc1 29. Raxc1 Bb2 30. Bc4 Bxc1 31. Bxd3 Nb4 32. Rxc1 Nxd3 33. Rc3 Nb4
34. c7 Rbc8 35. Nd6 {White wins back the exchange, but the o^ is vulnerable.}
Nd5 36. Nxc8 Rxc8 37. Rc5 Nxc7 $2 {Now Black is lost due to the pin on the c
<->.} (37... Nf6 $1) 38. Nf1 $18 h5 39. gxh5 gxh5 40. Kh2 Kg7 41. Ne3 1-0

[Event "UKR-ch KO 74th"]
[Site "Rivne"]
[Date "2005.08.26"]
[Round "2.1"]
[White "Efimenko, Zahar"]
[Black "Lagno, Kateryna"]
[Result "1-0"]
[WhiteElo "2643"]
[BlackElo "2498"]
[Annotator "Hazai,L"]
[PlyCount "149"]
[EventDate "2005.08.24"]
[EventType "k.o."]
[EventRounds "5"]
[EventCountry "UKR"]
[SourceTitle "CBM 109"]
[Source "ChessBase"]
[SourceDate "2005.11.14"]
[SourceVersion "1"]
[SourceVersionDate "2005.11.14"]
[SourceQuality "1"]

1. d4 Nf6 2. c4 g6 3. Nc3 Bg7 4. e4 d6 5. h3 O-O 6. Be3 Nbd7 (6... Na6 {
is usually more flexible.} 7. Bd3 e5 8. d5 Nh5 9. g3 Nc5 {- 6...Nbd7}) (6... e5
7. d5 Na6 8. Bd3 Nh5 {- 6...Na6}) 7. Bd3 (7. Nf3 e5 8. d5) 7... e5 8. d5 Nh5 9.
g3 {fighting against f5 and Nf4.} (9. Nge2 Nc5 (9... f5 $132) 10. Bc2 f5 $132)
9... Nc5 10. Bc2 {This leaves the attacking N on h5 unattended.} (10. Be2 $1 {
wants to drive back the intruder N.} Nf6 {Black has provoked some weaknesses
on the >>, but lost two tempi.} (10... a5 $5 {ignoring the threat of taking on
h5 Black sacrifices a P for positional benefits.} 11. Bxh5 gxh5 12. g4 (12.
Qxh5 f5 $44 {is a typical positional P sacrifice.}) 12... Kh8 {/\ Bf6}) 11. Qc2
a5 {probably b4 was not an immediate threat.} (11... Ne8 12. g4 (12. b4 Na6 13.
a3 f5 $132) 12... f5 $13) 12. O-O-O (12. g4 Ne8 {/\ f5}) 12... a4 $1 (12... Ne8
{Piket} 13. h4 $1 $16) 13. g4 Ne8 (13... Bd7 $5) 14. h4 f5 15. gxf5 gxf5 16.
Nf3 a3 $1 17. b4 fxe4 (17... Nxe4 18. Nxe4 fxe4 19. Ng5 $16) 18. Ne1 (18. Ng5
Nd3+ 19. Rxd3 $1 {The B is more important than the R!} (19. Bxd3 exd3 20. Qxd3
Bf5 $132) 19... exd3 20. Bxd3 e4 $5 {/\ h6} (20... h6)) 18... Na6 19. Qb3 Bf5
20. Nc2 Kh8 21. Nxa3 {White has eliminated the a3 P, but lost some tempi and
Black has good counterchances.} Nf6 22. Rhg1 Qd7 $1 23. Nc2 (23. Nab1 $2 {
This is too slow.} Ng4 24. Bxg4 Bxg4 25. Rde1 c5 $1 $15 26. a3 $1 {trying to
keep the position as closed as possible.} (26. dxc6 $2 {opening up the
position helps only for Black.} bxc6 27. Nd2 (27. Nxe4 $6 d5 $1 28. Nc5 Nxc5
29. Bxc5 Rf3 30. Qc2 d4 31. Rg3 Bf5 $1 $19 {Knaak-Piket, Hamburg 1991 52/599})
27... d5 $1)) 23... Ng4 24. a4 $1 $13 {with immense complications.}) 10... a5
11. Nge2 (11. Qe2 {/\ 0-0-0, but this is not dangerous.} Bd7 12. O-O-O a4 13.
Nf3 Qc8 14. Rdg1 a3 15. b3 Na6 $13 {Wade-Olafsson, Hastings 1953}) (11. Nf3 Bd7
(11... f5 {White is well-prepared for this aggressive move.} 12. exf5 gxf5 13.
Ng5 $1 {This is the point!} Nf6 14. Bxc5 (14. g4 h6 15. Bxc5 hxg5 $13) 14...
dxc5 15. Ne6 Bxe6 16. dxe6 e4 17. g4 $14 {blowing up Black's [+].}) 12. Nd2 (
12. Qe2 Qe8 $13 {defending the Nh5 and preparing f5 in case.} (12... a4 13. Nd2
a3 (13... Qe8 $5 {with the same idea as before.}) 14. b4 Nf4 $1 {This is a
beautiful positional piece sacrifice!} (14... Na6 15. Rb1) 15. Qf1 ({Accepting
the sacrifice would ruin the white K's position.} 15. gxf4 exf4 16. Ndb1 fxe3
17. bxc5 exf2+ 18. Qxf2 f5 $40) 15... Na6 16. Rb1 Nh5 {finally both knights
have retreated, but the white K is still in the middle.} (16... c6 $2 {pushing
it too hard!} 17. b5 Qa5 18. bxa6 Qxc3 19. Kd1 bxa6 20. gxf4 exf4 21. Bxf4 $18
{Neverov-Ivanchuk, Uzhgorod 1985}) 17. c5 f5 $13)) (12. a3 {/\ b4} Qc8 13. Nh4
(13. b4 Na6) 13... Nf6 (13... Bxh3 $2 {is feeble due to} 14. Nf5 $1) 14. g4 c6
(14... Ne8 $5 {is the other plan.} 15. b4 axb4 16. axb4 Na6 17. Rb1 c5 $132)
15. g5 Ne8 (15... Nh5 $6 {is again met by} 16. Nf5 $1) 16. b4 axb4 17. axb4 Na6
18. Rb1 c5 {freeing the bad a6 N.} 19. bxc5 Nxc5 $132 {Grishchenko-Alekseev,
Korolev 2000}) 12... Qe8 $13 {with a complex middlegame.}) 11... f5 12. exf5
Bxf5 {White now can take control over the vital blockading square e4.} (12...
gxf5 $1 {building up a strong P [+] was more to the point.} 13. Qd2 f4 $1 {
This positional sacrifice opens the lines and the diagonals against the enemy
K in the middle.} 14. gxf4 Nxf4 15. Nxf4 exf4 16. Bxf4 Qh4 $132) 13. Bxc5 $1 (
13. Bxf5 gxf5 14. g4 {is answered by the active} Nf4 $1 $13) 13... dxc5 14. Be4
{White wants to force Black to take on e4 and give up the ^^.} (14. Ne4 Qe7 15.
N2c3 {was also possible with a total control over >< e4.}) 14... Qf6 (14... Bd7
$5 {avoiding g4 and the N on e2 has problems controlling e4.}) 15. Qd3 Bh6 (
15... Bd7 {was still possible.} 16. Qe3 Qd6) 16. g4 $1 {forcing Black to
exchange the light-squared B. >< f4 will be weakened but a strong blockading N
on e4 versus a bad B is a good price for that.} Nf4 17. Nxf4 Bxe4 18. Nxe4 Qxf4
19. O-O $16 {Thw white K is now safe, and many black pawns are on the colour
of the B. However it is not so easy to create a breakthrough.} b6 20. Kg2 Qf7 (
20... Rad8) 21. Rad1 Rad8 22. Qe2 (22. g5 $5 {/\ Qg3-g4, h4-h5 was an
interesting plan.}) 22... Bf4 23. Rd3 {Now White begins to manoeuvre...} Kg7
24. Rfd1 Rd7 25. Qc2 Rfd8 26. Qa4 h5 27. Qc6 Rd6 $5 {The N is more valuable
than the R?} 28. Qa4 (28. Nxd6 Rxd6 29. Qa8 e4 {and at least Black comes out
of passivity.}) 28... hxg4 29. hxg4 {The opening of the h <-> helps for White.}
Rh8 30. Rh1 Rxh1 31. Kxh1 Rd8 32. Rh3 Rf8 33. Qc2 Qd7 34. Qe2 Rh8 35. Rxh8 Kxh8
36. Kg2 {[%mdl 4096] The _|_ Q+N versus Q+B requires a good technique,
perpetual checks may arise in some cases.} Qa4 37. b3 Qd7 38. Qf3 Kg7 39. Qh3
Qe7 40. a4 {White closes the << bringing his K there reaching safety.} Qd8 41.
Kf3 Bg5 42. Ke2 Bf4 43. Kd3 Bg5 44. Kc2 Bf4 45. d6 $1 {This was inevitable
breakthrough.} cxd6 46. Qd3 Qa8 (46... Bg5 47. Qxd6 Qxd6 48. Nxd6 Be7 49. Ne4
Kf7 {is not a temting _|_ with a good N versus bad B, but the real question is
how can White put Black into zugzwang.} 50. Kd3 Ke6 51. Nc3 Bh4 52. f3 (52. Ke3
Bg5+ 53. Ke4 Bh4 54. f3 Bg5 55. Nd5 Bd8) 52... Bd8 53. Nd5 Kd6 54. Ke4 Ke6) 47.
Qd5 Qc8 (47... Qxd5 48. cxd5 $18 {loses outright.}) 48. Qxd6 Qb7 49. Kd3 Qf7
50. Ke2 {The K comes back to the >>.} Qb7 51. f3 Qa7 52. g5 $18 Qf7 (52... Qb7
53. Qf6+ Kh7 54. Qf8 $18 {/\ Nf6#}) 53. Qxb6 {The rest is easy.} Qf5 54. Qf6+
Qxf6 55. gxf6+ Kf7 56. Nxc5 Kxf6 57. Nb7 e4 58. fxe4 Bc7 59. Nc5 Ke5 60. Kf3 g5
61. Kg4 Bd6 62. Nb7 Bc7 63. Kxg5 Kxe4 64. Nc5+ Ke5 65. Kg6 Bd6 66. Nb7 Bc7 67.
Kf7 Kd4 68. Ke6 Kc3 69. Nc5 Kb4 70. Kd5 Bb6 71. Nd7 Bc7 72. Kc6 Bh2 73. Kb6
Kxb3 74. Kb5 Bc7 75. Nc5+ 1-0